LEADER 00923nas a2200241 i 4500 001 000000168725 003 CaOOAMICUS 005 20190402142900.0 008 080122b2007 it uu u0 0ita r 013 $a146127 040 $aSeMil$bita 245 10$a2007 : Maggio-Dicembre. 260 $aMilano :$bVita e Pensiero,$ccopyr. 2007. 300 $aP. [263]-461 ;$c24 cm + [1] allegato. 500 $aIn Allegato : In ricordo di Giorgio Berti. - Articoli con sintesi in inglese [Abstract] in testa. 774 0 $t[vedi periodico].$w()267988 774 0 $tIn ricordo di Giorgio Berti.$w()267989 850 $aSeMil 852 $aSeMil$W1$xVenegono$y1$m145 2 44$j119747$B119747$CSeMilBibl$Z2$F131405 $85 961 $aAbbonamento: Vita e Pensiero 996 $6245$a2007 : Maggio-Dicembre$9(OLS)http://semarc/title/241372 996 $6260$aMilano :$bVita e Pensiero$9(OLS)http://semarc/publisher/29642 LEADER 00926nam a2200229 4500 001 000000351770 003 CaOOAMICUS 005 20221004121055.0 008 221004s1997 gw e 000 u ger r 020 $a3-525-50142-0 040 $aSeMil$bita 245 00$a5: Register. 264 1$aIn Göttingen :$bVandenhoeck & Ruprecht,$c1997. 300 $aXLVI p., 1332 col. ;$c27 cm 773 0 $tEvangelisches Kirchenlexikon.$dIn Göttingen : Vandenhoeck & Ruprecht, 1986-1997.$b3. Aufl. (Neufassung)$g5$w()351765 850 $aSeMil 852 $aSeMil$W1$xVenegono$y1$mSL1.Q VI 57$j234680$B242956$CSeMilBibl$Z2$F242956 $8I 961 $aPerego don Stefano - Omaggio 996 $6020$a3-525-50142-0$9(OLS)http://semarc/number/296844 996 $6245$a5: Register$9(OLS)http://semarc/title/441576 996 $6264$aIn Göttingen :$bVandenhoeck & Ruprecht$9(OLS)http://semarc/publisher/29771